000 00717nam a2200253Ia 4500
003 OSt
005 20221006142412.0
006 a|||||r|||| 00| 0
007 ta
008 221006b |||||||| |||| 00| 0 eng d
020 _a0231058845
_c504.40
024 _a6,292
037 _cTextual
040 _aEASL
_cEASL
_beng
041 _2eng
_aeng
082 _aO42,3M78:g, M4
100 _aANDERER Paul
_9647646
245 0 _aOther worlds
_b Arishima takeo and the bounds of modern Japan Japanese fiction
260 _aNew York
_bColumbia University Press
_c1984
300 _a152p.
_ccm.
490 _v JEL
942 _hO42,3M78:g, M4
_cTEXL
_2CC
999 _c1074378
_d1074378